| 000 | 00760nam a2200241Ia 4500 | ||
|---|---|---|---|
| 003 | OSt | ||
| 005 | 20220924122139.0 | ||
| 006 | a|||||r|||| 00| 0 | ||
| 007 | ta | ||
| 008 | 220923b |||||||| |||| 00| 0 per d | ||
| 024 | _a44579 | ||
| 037 | _cTextual | ||
| 040 |
_aARTS _cARTS _bper |
||
| 041 |
_2per _aper |
||
| 082 | _aO164,1M76w, 111L7 | ||
| 100 |
_aMohammad Iqbal _976526 |
||
| 245 | 0 |
_aSecrets of collective life _b being a descriptive and comprehensive translation of Allama Iqbal's Rumuz-i-Bekhudi tr by A R Tariq |
|
| 260 |
_aLahore _bIslamic Book Service _c1977 |
||
| 300 |
_axii,231p. _ccm. |
||
| 650 | _aENGLISH LITERATURE | ||
| 942 |
_hO164,1M76w, 111L7 _cTEXL _2CC |
||
| 999 |
_c410494 _d410494 |
||